<?xml version="1.0" encoding="UTF-8" ?>
<collection xmlns="http://www.loc.gov/MARC21/slim"><record><leader>00776nam a2200181 nc4500</leader><controlfield tag="001">47983</controlfield><controlfield tag="003">Zü176</controlfield><controlfield tag="005">20171024170514.0</controlfield><datafield tag="035" ind1=" " ind2=" "><subfield code="a">(OCoLC)906902580</subfield></datafield><datafield tag="041" ind1=" " ind2=" "><subfield code="a">ger</subfield></datafield><datafield tag="110" ind1="2" ind2="0"><subfield code="a">Zürcher Kunstgesellschaft</subfield></datafield><datafield tag="245" ind1="0" ind2="0"><subfield code="a">Ständige Ausstellung moderner Kunstwerke</subfield><subfield code="b">im Künstlerhaus (Thalgasse 5, neben der Börse, Zürich 1) : Katalog der II. Serie 1900 (Februar - März)</subfield><subfield code="c">Zürcher Kunstgesellschaft</subfield><subfield code="h">Ausstellungskatalog</subfield></datafield><datafield tag="260" ind1=" " ind2=" "><subfield code="a">[Zürich]</subfield><subfield code="b">[Zürcher Kunstgesellschaft]</subfield><subfield code="c">[1900]</subfield></datafield><datafield tag="300" ind1=" " ind2=" "><subfield code="a">Ungez.</subfield><subfield code="c">23 cm</subfield></datafield><datafield tag="651" ind1="0" ind2="4"><subfield code="a">Zürich</subfield><subfield code="x">Zürcher Kunstgesellschaft</subfield><subfield code="y">1900.02 - 1900.03</subfield><subfield code="v">Ausstellung</subfield></datafield><datafield tag="710" ind1="2" ind2="0"><subfield code="a">Zürcher Kunstgesellschaft</subfield></datafield><datafield tag="852" ind1="4" ind2="0"><subfield code="a">CH-000273-5</subfield><subfield code="c">a3/Z 80:190002</subfield></datafield><datafield tag="856" ind1="4" ind2="1"><subfield code="u">https://digital.kunsthaus.ch:443/viewer/image/47983/1/</subfield><subfield code="y">Kunsthaus Zürich Sammlungen online</subfield></datafield></record></collection>